000 00435nam a2200181Ia 4500
001 3715
005 20260306145704.0
008 260306t2016||||xx |||||||||||||| ||spa||
041 _aESP
082 _a302.072
_bO41
100 _aOlaz Capitán, Ángel José
_eAUT
245 0 _aLa entrevista de investigación
260 _c2016
300 _a124 páginas :
_c24 cm.
650 _aGEN
654 _aCPS
942 _cLIB
_dJUS
_fJUS
_2ddc
_n
999 _c3715
_d3715